LDR 00728naa#a2200229#i#450# 001 EN\\bibl\125584 005 20260702190615.4 011 ## _a2075-1338 100 ## _a20260610b2026####ek#y0engy0150####ca 101 0# _aRUS 102 ## _aRU 200 1# _aExperience of Practical Application of the Delta-1T Gamma Visor During the Operation of the Novovoronezh NPP _eJournal article 210 1# _aMoscow _cScientific-Production Enterprise “Dosa” _d2026 215 ## _a6 с. 608 ## _aJournal article _2local 675 ## _aГамма-метод. 550.835.23 _zRUS 700 #1 _aPovarov _gV. P. 700 #1 _aKarasev _gV. N. 700 #1 _aRosnovskiy _gV. S. 700 #1 _aMen'shih _gP. A. 700 #1 _aRosnovskiy _gS. V. 856 4# _adoza.editorum.ru _u